000 00550nam a2200193 i 4500
001 77283
003 ES-MaACL
005 20230906173139.0
007 t|
008 041007s1986 gw ||||1| ger d
020 _a3-518-57722-0
100 1 _aHabermas, Jürgen.
_961376
245 1 4 _aDer philosophische Diskurs der Moderne
_b: Zwölf Vorlesungen /
_cJürgen Habermas.
250 _a[3. Aufl.].
260 _aFrankfurt am Main :
_bSuhrkamp,
_c1986.
300 _a449 p. ;
_c20 cm.
500 _aIndice.
852 _aES-MaACL
_jL-11270
_bR.112809
999 _c77283
_d77283